000 00512nam a2200169 i 4500
001 53935
003 ES-MaACL
005 20230906162846.0
007 t|
008 031119s1915 sp ||||1| spa d
100 1 _aFernández Villegas, Francisco.
_950164
245 1 3 _aLa Cartuja del Paular /
_cFrancisco F. Villegas (Zeda).
260 _aMadrid :
_bRenacimiento,
_c1915.
300 _a130 p. ;
_c18 cm.
610 2 4 _aMonasterio de Santa María de El Paular (Rascafría)
_9151081
852 _aES-MaACL
_jG-13251
999 _c53935
_d53935